Taxman's financial accounting: problems and solutions. / (Record no. 2438)

MARC details
000 -LEADER
fixed length control field 01299nam a22001697a 4500
008 - FIXED-LENGTH DATA ELEMENTS--GENERAL INFORMATION
fixed length control field 121012t xxu||||| |||| 00| 0 eng d
020 ## - INTERNATIONAL STANDARD BOOK NUMBER
International Standard Book Number 9788184781038
050 ## - LIBRARY OF CONGRESS CALL NUMBER
Classification number HF5635.S43
100 ## - MAIN ENTRY--PERSONAL NAME
Personal name Sehgal, Ashok,
245 ## - TITLE STATEMENT
Title Taxman's financial accounting: problems and solutions. /
Statement of responsibility, etc. Ashok Sehgal and Dr. Deepak Sehgal
260 ## - PUBLICATION, DISTRIBUTION, ETC.
Place of publication, distribution, etc. New Delhi:
Name of publisher, distributor, etc. Taxmann Allied Services,
Date of publication, distribution, etc. c2010.
300 ## - PHYSICAL DESCRIPTION
Extent 179 p.:
Dimensions 24cm.
505 ## - FORMATTED CONTENTS NOTE
Formatted contents note Contents: Accounting - the language of business -- Financial accounting principles -- Financial accounting standards -- Accounting process -- Business income -- Revenue recognition (including salient features of AS-9) and expense recognition -- The Nature of depreciation -- Inventory valuation (including salient features of AS-2 revised) -- Capital and revenue expenditures and receipts -- Financial statements of non-corporate business entities -- Financial statements of 'not-for-profit' organisations -- Financial statements from incomplete records -- Accounting for hire-purchase and instalment payment transactions -- Leases -- Accounting for branches -- Accounting for dissolution of partnership firms -- Guide to solutions to review questions -- Guide to answers to practical problems.
650 ## - SUBJECT ADDED ENTRY--TOPICAL TERM
Topical term following geographic name entry element Financial Accounting
700 ## - ADDED ENTRY--PERSONAL NAME
Personal name Sehgal, Deepak,
942 ## - ADDED ENTRY ELEMENTS (KOHA)
Source of classification or shelving scheme Library of Congress Classification
Koha item type Books
Holdings
Withdrawn status Lost status Source of classification or shelving scheme Damaged status Not for loan Home library Current library Shelving location Date acquired Total Checkouts Full call number Barcode Date last seen Copy number Price effective from Koha item type
    Library of Congress Classification     WISCONSIN INTERNATIONAL UNIVERSITY COLLEGE, GHANA - MAIN LIBRARY WISCONSIN INTERNATIONAL UNIVERSITY COLLEGE, GHANA - MAIN LIBRARY Reference 12/10/2012   HF5635.S43 6406/12 12/10/2012 1 12/10/2012 Books
    Library of Congress Classification     WISCONSIN INTERNATIONAL UNIVERSITY COLLEGE, GHANA - MAIN LIBRARY WISCONSIN INTERNATIONAL UNIVERSITY COLLEGE, GHANA - MAIN LIBRARY Reference 12/10/2012   HF5635.S44 6407/12 12/10/2012 2 12/10/2012 Books
    Library of Congress Classification     WISCONSIN INTERNATIONAL UNIVERSITY COLLEGE, GHANA - MAIN LIBRARY WISCONSIN INTERNATIONAL UNIVERSITY COLLEGE, GHANA - MAIN LIBRARY Reference 12/10/2012   HF5635.S45 6408/12 12/10/2012 3 12/10/2012 Books

If you have any concerns or questions; kindly contact the library


© Powered by WIUC ICT DIRECTORATE